| 000 | 01380nam a2200385 a 4500 | ||
|---|---|---|---|
| 001 | 000110082 | ||
| 003 | CHAP | ||
| 005 | 20220817044630.0 | ||
| 008 | 140721s2014 mx sm |||||||spa d | ||
| 010 | _a106544 | ||
| 011 | _a107516 | ||
| 040 | _cCHAP | ||
| 090 | _aTesis | ||
| 100 | 1 |
_aCalderón Carrasco, Pablo Alan _9127492 |
|
| 245 | 1 | 0 |
_aProgramación del robot Lr Mate 200iC de FANUC con sistema de visión artificial _h[En línea] _cpor Pablo Alan Calderón Carrasco. |
| 260 |
_aChapingo, Méx. : _bEl autor, _c2014. |
||
| 500 | _aPara ver el contenido del material haga clic en la liga | ||
| 500 | _aTambién disponible impresa | ||
| 502 | _aTesis (Ing. Mecánico Agrícola) -- UACH. Departamento de Ingeniería Mecánica Agrícola | ||
| 590 |
_aBATCH-UPD _b10 _c20141002 _lUCH01 _h0905 |
||
| 590 |
_aBATCH _b00 _c20181121 _lUCH01 _h0759 |
||
| 590 |
_aE11695DGD _b10 _c20140722 _lUCH01 _h0921 |
||
| 590 |
_aE6096MTM _b05 _c20140721 _lUCH01 _h1352 |
||
| 590 |
_aE6096MTM _b05 _c20140721 _lUCH01 _h1354 |
||
| 650 | 1 | 4 | _aProgramación. |
| 650 | 1 | 4 |
_aRobótica. _998139 |
| 650 | 1 | 4 |
_aRobots en agricultura. _998142 |
| 650 | 1 | 4 |
_aSistema de control por retroalimentación. _9106704 |
| 650 | 1 | 4 |
_aVisión. _9119987 |
| 856 |
_a1 _n0001125 |
||
| 856 |
_aFinding aid _uhttp://10.13.5.2/tesis/sist110082.pdf _zTeclea aquí |
||
| 901 | _aBK | ||
| 942 | _cTESIS | ||
| 942 | _n0 | ||
| 999 |
_c106544 _d106544 |
||